|
|
|
|
| LEADER |
00000nab a2200000 a 4500 |
| 001 |
vtls008933005 |
| 003 |
SK-MaSNL |
| 005 |
20260426083510.0 |
| 008 |
250505c2006 xo |||||||||||000 b|slo |
| 015 |
|
|
|a SNBRB2007/01
|2 snkbucl
|
| 035 |
|
|
|a (uuid)f1608522-d350-41f2-8c37-9589d3118213
|
| 035 |
|
|
|a urn:nbn:sk:snk-abesr3
|
| 035 |
|
|
|a (urnnbn)urn:nbn:sk:snk:ar-0073t2
|
| 038 |
|
|
|a SNKBUCL
|
| 040 |
|
|
|a SNKBUCL
|b slo
|c SNKBUCL
|e AACR2
|
| 041 |
0 |
|
|a slo
|
| 044 |
|
|
|a xo
|c SK
|
| 080 |
|
|
|a 639.112
|x (437.6)
|2 1997
|
| 245 |
0 |
0 |
|a Stav a perspektívy
|c Jaroslav Slamečka ... [et al.]
|
| 648 |
|
7 |
|a 2004-2005
|2 snkbucl
|9 357340
|
| 650 |
0 |
7 |
|a zajac poľný
|2 snkbucl
|9 31310
|
| 650 |
0 |
7 |
|a živočíšne populácie
|2 snkbucl
|9 70903
|
| 651 |
|
7 |
|a Slovensko
|2 snkbucl
|9 14231
|
| 700 |
1 |
|
|a Slamečka, Jaroslav,
|d 1959-
|4 aut
|9 220999
|
| 700 |
1 |
|
|a Hell, Pavel,
|d 1930-2009
|4 aut
|9 125123
|
| 700 |
1 |
|
|a Jurčík, Rastislav
|4 aut
|9 11901
|
| 700 |
1 |
|
|a Gašparík, Jozef,
|d 1952-
|4 aut
|9 215663
|
| 700 |
1 |
|
|a Rajský, Matúš
|4 aut
|9 338651
|
| 700 |
1 |
|
|a Honza, Tomáš
|4 aut
|9 832753
|
| 773 |
0 |
|
|t Poľovníctvo a rybárstvo
|g Roč. 58, č. 9 (2006), s. 32-33
|x 0231-8768
|
| 850 |
|
|
|a Slovenská národná knižnica
|
| 852 |
|
|
|a Slovenská národná knižnica
|
| 958 |
|
|
|a article27
|
| 958 |
|
|
|a OND
|
| 958 |
|
|
|a SK
|
| 999 |
|
|
|c 2905746
|d 2907676
|